Sports Quiz

Random Sports Quiz

Players of Adelaide, Brisbane, Carlton & Collingwood 2011 Quiz Stats

 Plays Quiz not verified by Sporcle

Challenge
Share
Tweet
Embed
Score 0/186 Timer 15:00
0 Plays Today
Number Player % Correct
16Johnathon Brown
80.6%
5Chris Judd
80.6%
16Nathan Brown
80.6%
15Leigh Brown
80.6%
3Marc Murphy
79.6%
36Dane Swan
79.6%
13Taylor Walker
77.8%
1Andrew Walker
75.9%
19Eddie Betts
75.9%
32Travis Cloke
75%
4Bryce Gibbs
74.1%
10Scott Pendlebury
74.1%
1Leon Davis
72.2%
16Phil Davis
68.5%
13Dale Thomas
67.6%
20Simon Black
66.7%
38Jeff Garlett
63.9%
24Josh Thomas
63.9%
5Scott Thompson
62%
4Alan Didak
62%
39Heath Shaw
61.1%
20Ben Reid
60.2%
4Kurt Tippett
59.3%
28Luke Thompson
59.3%
17Dayne Beams
59.3%
34Sam Shaw
58.3%
8Matthew Kreuzer
58.3%
18Darren Jolly
58.3%
5Nick Maxwell
58.3%
32Patrick Dangerfield
57.4%
13Chris Yarran
57.4%
17Claye Beams
56.5%
30Jarrad Waite
56.5%
24Sam Jacobs
54.6%
6Kade Simpson
54.6%
23Lachie Henderson
54.6%
33Brodie Smith
53.7%
45Ricky Henderson
53.7%
31Chris Dawes
53.7%
9Rory Sloane
52.8%
8Harry O'Brien
52.8%
22Steele Sidebottom
51.9%
12Luke Ball
51.9%
18Graham Johncock
50.9%
6Luke Power
50.9%
34Jesse O'Brien
50.9%
2Chris Tarrant
50.9%
29Heath Scotland
50%
26Ben Johnson
50%
1Mitch Clark
49.1%
11Robert Warnock
49.1%
40Michael Jamison
49.1%
35Alex Fasolo
49.1%
25Ben Rutten
46.3%
38Tom Rockliff
45.4%
11Jarryd Blair
44.4%
17Bernie Vince
43.5%
2Jordan Russell
43.5%
44Andrew Carrazzo
43.5%
7Andrew Krakouer
43.5%
6Tyson Goldsack
43.5%
12Mitch Robinson
42.6%
Number Player % Correct
21Sharrod Wellingham
42.6%
21Daniel Merrett
41.7%
22Shaun Hampson
41.7%
19Cameron Wood
41.7%
10Daniel Rich
40.7%
34Alan Toovey
39.8%
3Brent Reilly
38%
30Jack Redden
38%
14Brock McLean
38%
43Simon White
38%
46Declan Reilly
38%
27Simon Buckley
38%
7Nathan Van Berlo
36.1%
7Jed Adcock
36.1%
24Pat McCarthy
36.1%
27Dennis Armfield
36.1%
32Bret Thornton
36.1%
34Nick Duigan
36.1%
3John McCarthy
36.1%
40Jason Porplyzia
34.3%
9Ashley McGrath
34.3%
9Kane Lucas
34.3%
10Matthew Watson
34.3%
46David Ellard
34.3%
30Brent Macaffer
34.3%
12Daniel Talia
33.3%
20Ivan Maric
33.3%
35Ed Curnow
33.3%
1Richard Tambling
32.4%
39Will Young
32.4%
23Matthew Leuenberger
32.4%
25Tom Young
32.4%
17Setanta O'hAilpin
31.5%
33Ryan Houlihan
31.5%
26Richard Douglas
30.6%
21Chris Knights
29.6%
15Xavier Clarke
29.6%
18Paul Bower
29.6%
42Joshua Green
28.7%
2Brad Moran
26.9%
27Scott Stevens
26.9%
22Andy Otten
25.9%
35Shaun McKernan
25.9%
15Jeremy Laidler
25.9%
42Zach Tuohy
25.9%
33Brad Dick
25.9%
36Brodie Martin
25%
11Pearce Hanley
25%
6Jack Gunston
24.1%
11Michael Doughty
23.1%
14Brent Staker
23.1%
18Todd Banfield
23.1%
14David Mackay
22.2%
29Andrew Raines
22.2%
31James Polkinghorne
22.2%
28Ben Sinclair
22.2%
8Matt Austin
21.3%
39Josh Drummond
21.3%
41Levi Casboult
21.3%
23Lachlan Keeffe
21.3%
8Myke Cook
20.4%
10Matthew Jaensch
20.4%
Number Player % Correct
37Ian Callinan
20.4%
47Matthew Wright
20.4%
28Patrick Karnezis
20.4%
21Mark Austin
20.4%
14Luke Rounds
20.4%
43Rohan Bewick
19.4%
29James Sellar
18.5%
16Andrew Collins
18.5%
4Jared Polec
17.6%
19Jamie Charman
17.6%
23Jared Patrenko
16.7%
3Sam Sheldon
16.7%
36Matt Maguire
16.7%
39Wade Twomey
16.7%
15Brad Symes
15.7%
24Joel Patfull
15.7%
32Cheynee Stiller
15.7%
43Aiden Riley
14.8%
33Amon Buchanan
14.8%
40Paul Seedsman
14.8%
50Shae McNamara
13.9%
38Tony Armstrong
13%
12James Hawksley
13%
25Luke Mitchell
13%
26Ryan Harwood
11.1%
31Jarryd Lyons
10.2%
37Bryce Retzlaff
10.2%
44Aaron Cornelius
10.2%
26Andrew McInnes
10.2%
28Jarryd Cachia
10.2%
31Marcus Davies
10.2%
46Christopher Schmidt
9.3%
40Niall McKeever
9.3%
30James Craig
8.3%
35Ryan Lester
8.3%
46Broc McCauley
8.3%
13Callum Bartlett
7.4%
22Tom Collier
7.4%
41Mitchell Golby
7.4%
36Rohan Kerr
7.4%
37Kirk Ugle
7.4%
48Jye Bolton
6.5%
45Tom Hunter
6.5%
25Bart McCulloch
5.6%
20Rhys O'Keeffe
5.6%
45Aaron Joesph
5.6%
38Scott Reed
5.6%
48Timothy Milera
4.6%
45Brad Harvey
4.6%
48Blake Bray
4.6%
47Jack Perham
4.6%
43Trent Stubbs
4.6%
41Daniel Farmer
4.6%
44Jake Von Bertouch
3.7%
37Joesph Dare
3.7%
47Mitchell Carter
3.7%
49Paul Cribbin
3.7%
44Thomas Gordon
3.7%
41Sam Martyn
2.8%
42Lachlan Roach
2.8%
27Josh Dyson
1.9%
29Johnathon Celgar
1.9%

You're not logged in!

Compare scores with friends on all Sporcle quizzes.
Join for Free
OR
Log In

You Might Also Like...

Show Comments

Extras

Top Quizzes Today


Score Distribution

Your Account Isn't Verified!

In order to create a playlist on Sporcle, you need to verify the email address you used during registration. Go to your Sporcle Settings to finish the process.

Report this User

Report this user for behavior that violates our Community Guidelines.

Details: